<?xml version="1.0" encoding="UTF-8"?>
<marc:record xmlns:marc="http://www.loc.gov/MARC21/slim">
   <marc:leader>00000nam a2200000 a 4500</marc:leader>
   <marc:datafield ind1="1" ind2=" " tag="100">
      <marc:subfield code="a">Biggs, Jason</marc:subfield>
   </marc:datafield>
   <marc:datafield ind1="1" ind2=" " tag="100">
      <marc:subfield code="a">Greenwood, Bruce</marc:subfield>
   </marc:datafield>
   <marc:datafield ind1="1" ind2=" " tag="100">
      <marc:subfield code="a">Walker, Paul</marc:subfield>
   </marc:datafield>
   <marc:datafield ind1="1" ind2=" " tag="100">
      <marc:subfield code="a">Marshall, Frank</marc:subfield>
   </marc:datafield>
   <marc:datafield ind1="0" ind2="0" tag="245">
      <marc:subfield code="a">Antarctica</marc:subfield>
   </marc:datafield>
   <marc:datafield ind1="0" ind2="0" tag="245">
      <marc:subfield code="b">Gefangen im Eis</marc:subfield>
   </marc:datafield>
   <marc:datafield ind1=" " ind2="1" tag="264">
      <marc:subfield code="b">Dolby Digital</marc:subfield>
      <marc:subfield code="c">2006</marc:subfield>
   </marc:datafield>
   <marc:datafield ind1="1" ind2=" " tag="520">
      <marc:subfield code="a">Eine kleine US-Forschungsstation am Ende der Welt: Der Antarktis. Die Crew bereitet sich bereits auf die Rückkehr nach Hause vor, als der ehrgeizige Geologe Davis den erfahrenen Scout Jerry zu einer letzten Mission überredet. Bei der riskanten Expedition vertraut er ganz auf seine tapferen Schlittenhunde und ihren lebensrettenden Instinkt. Als unerwartet eine Sturmfront aufzieht, kann die Station nur noch per Flugzeug evakuiert werden. Jerry muss seine geliebten Hunde schweren Herzens zurücklassen. Doch er verspricht ihnen, zurückzukehren und sie zu holen. Während für die Hunde ein Kampf auf Leben und Tod beginnt, setzt Jerry alle Hebel in Bewegung, um sie zu retten...</marc:subfield>
   </marc:datafield>
   <marc:datafield ind1=" " ind2=" " tag="020">
      <marc:subfield code="a">8717418087227</marc:subfield>
      <marc:subfield code="9">8717418087227</marc:subfield>
   </marc:datafield>
   <marc:datafield ind1="0" ind2=" " tag="490">
      <marc:subfield code="v">0</marc:subfield>
   </marc:datafield>
   <marc:datafield ind1=" " ind2=" " tag="300">
      <marc:subfield code="a">1 DVD : 115 Min.</marc:subfield>
   </marc:datafield>
</marc:record>
